| 000 | 00720nam a2200205 a 4500 | ||
|---|---|---|---|
| 999 |
_c6291 _d6291 |
||
| 001 | 6291 | ||
| 003 | BD-JhCC | ||
| 005 | 20180120173034.0 | ||
| 008 | 180120s2002 bg |||| |||| 00| 0 ben d | ||
| 035 | _a(BD-JhCC) | ||
| 040 |
_aBD-JhCC _dBD-JhCC |
||
| 041 | _aben | ||
| 082 |
_a891.4415 _bIQB 2002 |
||
| 100 | _aইকবাল, ডক্টর মুহম্মদ | ||
| 245 |
_aআসরারে খুদী / _cডক্টর মুহম্মদ ইকবাল; সৈয়দ আবদুল মান্নান অনূদিত |
||
| 260 |
_aঢাকা: _bআল্লামা ইকবাল সংসদ; _c২০০২ |
||
| 300 |
_a112 p;, _c22 cm |
||
| 650 | _aIslamic poetry | ||
| 942 |
_2ddc _cBK |
||